|
|
|
|
| LEADER |
01605nam a2200421 a 4500 |
| 001 |
nkc20071762863 |
| 003 |
CZ PrNK |
| 005 |
20080502133550.0 |
| 007 |
ta |
| 008 |
071108s2007 xr abh e 100 0 cze |
| 015 |
|
|
|a cnb001762863
|
| 020 |
|
|
|a 978-80-7044-930-1
|q (brož.)
|
| 035 |
|
|
|a (OCoLC)228778381
|
| 040 |
|
|
|a OLA001
|b cze
|d ABA001
|
| 043 |
|
|
|a e-xr---
|b e-xr-cc
|2 czenas
|
| 072 |
|
7 |
|a 663
|x Průmysl nápojů. Kvasný průmysl. Průmysl pochutin
|2 Konspekt
|9 19
|
| 080 |
|
|
|a 663.4
|2 MRF
|
| 080 |
|
|
|a 663.4:005.71
|2 MRF
|
| 080 |
|
|
|a (437.31-16)
|2 MRF
|
| 080 |
|
|
|a (062.534)
|2 MRF
|
| 111 |
2 |
|
|a Pivo lepších časů (konference)
|d (2006 :
|c Velké Březno, Česko)
|7 olak2008419504
|
| 245 |
1 |
0 |
|a Pivo lepších časů :
|b [sborník příspěvků z konference konané ve dnech 20.-21. dubna 2006 ve Velkém Březně]
|
| 260 |
|
|
|a Ústí nad Labem :
|b Univerzita J.E.Purkyně, Ústav slovansko-germánských studií,
|c 2007
|
| 300 |
|
|
|a 233 s. :
|b il., mapy, faksim. ;
|c 23 cm
|
| 504 |
|
|
|a Obsahuje bibliografické odkazy
|
| 650 |
0 |
7 |
|a pivo
|7 ph137949
|2 czenas
|
| 650 |
0 |
7 |
|a pivovary
|7 ph115732
|z Česko
|2 czenas
|
| 650 |
0 |
7 |
|a pivovarnictví
|7 ph115731
|z Česko
|2 czenas
|
| 650 |
0 |
9 |
|a beer
|2 eczenas
|
| 650 |
0 |
9 |
|a breweries
|z Czechia
|2 eczenas
|
| 650 |
0 |
9 |
|a beer industry
|z Czechia
|2 eczenas
|
| 655 |
|
7 |
|a sborníky konferencí
|7 fd133333
|2 czenas
|
| 655 |
|
9 |
|a proceedings of conferences
|2 eczenas
|
| 910 |
2 |
|
|a BOA001
|b 2-1199.164
|
| 990 |
|
|
|a BK
|
| 995 |
|
|
|a 01
|
| 991 |
|
|
|b 200803
|c NOV
|
| 996 |
6 |
|
|b 2610335466
|c 2-1199.164
|l MZK
|r Sklad / do 1 hodiny
|n 7
|p p.v.
|w 000886449
|u 000010
|a 1
|e BOA001
|j MZK50
|s P
|